Cost Optimalization Model in Mining Company

Zefektívnenie obchodných činností v banskej spoločnosti. Táto vybraná spoločnosť má významné postavenie na slovenskom trhu. Jednotlivé ukazovatele spoločnosti, metódy znižovania nákladov, ako je kontrola, aktivovanie na základe nákladov / riadenie založené na aktivácii, outsorcing, benchmerking, ree...

Full description

Saved in:
Bibliographic Details
Main Author: Weiss, Roland, 1984-
Other Authors: Weiss, Erik, 1979-, Zuzik, Jozef, 1985-
Format: Book Chapter
Language:English
Subjects:
Tags: Add Tag
No Tags, Be the first to tag this record!

MARC

LEADER 00000naa a2200000 4500
001 0261413
005 20240502074145.2
041 0 |a eng 
044 |a SK 
245 1 0 |a Cost Optimalization Model in Mining Company 
520 |a Zefektívnenie obchodných činností v banskej spoločnosti. Táto vybraná spoločnosť má významné postavenie na slovenskom trhu. Jednotlivé ukazovatele spoločnosti, metódy znižovania nákladov, ako je kontrola, aktivovanie na základe nákladov / riadenie založené na aktivácii, outsorcing, benchmerking, reeineineering. Nákladové prvky a typy nákladov. Súčasný stav ziskovosti analyzovanej spoločnosti a podiel nákladov na výnosoch. 
610 2 0 |a náklady 
610 2 0 |a zisk 
610 2 0 |a spoločnosti 
610 2 0 |a ťažba surovín 
610 2 0 |a baníctvo 
610 2 0 |a úspory 
100 1 |a Weiss, Roland, 1984- 
700 1 |a Weiss, Erik, 1979- 
700 1 |a Zuzik, Jozef, 1985-